| 000 | 00593nam a22001097a 4500 | ||
|---|---|---|---|
| 008 | 110608t xxu||||| |||| 00| 0 eng d | ||
| 010 | _aSCCAF25 | ||
| 245 | _aSureme Court of Criminal Appeal No.8/1997. Kamesere Moses vs Uganda | ||
| 260 | _c1997 | ||
| 500 | _aCOR.AN: Wambuzi,C.J.C., Karokora,J.S.C. Mulega J.S.C, Kanyeihanba, Moses | ||
| 500 | _a Appeal against the decision of the judgment of the Court of Appeal of Uganda at Kampala Manyido, D.C.J., Bya mugisha, J . dated the 20 June 1997 in Criminal Appeal No. 24 1996 originating from the the Night Court Criminal Session case No.288 of 1995 | ||
| 999 |
_c2532 _d2532 |
||